<?xml version="1.0" encoding="UTF-8"?>
<record
    xmlns:xsi="http://www.w3.org/2001/XMLSchema-instance"
    xsi:schemaLocation="http://www.loc.gov/MARC21/slim http://www.loc.gov/standards/marcxml/schema/MARC21slim.xsd"
    xmlns="http://www.loc.gov/MARC21/slim">

  <leader>03446nam a22002417a 4500</leader>
  <controlfield tag="005">20250421152134.0</controlfield>
  <controlfield tag="008">250421b        |||||||| |||| 00| 0 eng d</controlfield>
  <datafield tag="020" ind1=" " ind2=" ">
    <subfield code="a">9789389949995</subfield>
  </datafield>
  <datafield tag="040" ind1=" " ind2=" ">
    <subfield code="c">AIMIT LIBRARY</subfield>
  </datafield>
  <datafield tag="082" ind1=" " ind2=" ">
    <subfield code="2">12</subfield>
    <subfield code="a">658.001</subfield>
    <subfield code="b">THOC</subfield>
  </datafield>
  <datafield tag="100" ind1=" " ind2=" ">
    <subfield code="a">Thomas, Christopher R.</subfield>
    <subfield code="9">208604</subfield>
  </datafield>
  <datafield tag="245" ind1=" " ind2=" ">
    <subfield code="a">Managerial economics :</subfield>
    <subfield code="b">foundations of business analysis and strategy /</subfield>
    <subfield code="c">By Christopher R Thomas and S Charles Maurice.</subfield>
  </datafield>
  <datafield tag="250" ind1=" " ind2=" ">
    <subfield code="a">12th ed.</subfield>
  </datafield>
  <datafield tag="260" ind1=" " ind2=" ">
    <subfield code="a">New York :</subfield>
    <subfield code="b">Mc Graw Hill Education ,</subfield>
    <subfield code="c">2020.</subfield>
  </datafield>
  <datafield tag="300" ind1=" " ind2=" ">
    <subfield code="a">xxii,704p. ;</subfield>
    <subfield code="b">PB</subfield>
    <subfield code="c">25.5 cm</subfield>
  </datafield>
  <datafield tag="500" ind1=" " ind2=" ">
    <subfield code="a">OVERVIEW
This text is designed to teach students the economic way of thinking about business decisions and strategy. Managerial Economics develops critical thinking skills and provides students with a logical way of analyzing both the routine decisions of managing daily operations of a business as well as the longer-run strategic plans that seek to manipulate the actions and reactions of rival firms. It is a self-contained textbook that requires no previous training in economics. The text carefully develops and applies the most useful concepts for business decision making and strategic planning.




POINTS TO REMEMBER
(a) Self-contained Empirical Analysis: Offers self-contained treatment of statistical estimation of demand, production, and cost functions
(b) New Illustrations: Includes 5 new illustrations on topics such as Effects of Changes in Determinants of Supply, Diamonds are Forever &#x2013; Entry Barriers are Not, etc. 
(c) Updated coverage in existing content: Includes additional discussion of topics such as separation of ownership and coverage of business, and existing illustrations across the chapters
(d) Flexible Mathematical Rigour: Starts with only algebra and graph-reading skills, while all other analytical tools are developed within the text itself
(e) Dual Sets of End-of-Chapter Questions: Provides both Technical Problems and Applied Problems
(f) OLC: Comprehensive supplementary materials including Instructor&#x2019;s Manual, PPTs, Test Bank, Online Appendices, Web Chapter, and Duplicate Technical Problems with Answers
</subfield>
  </datafield>
  <datafield tag="505" ind1=" " ind2=" ">
    <subfield code="a">CHAPTER 1 Managers, Profits, and Markets 
CHAPTER 2 Demand, Supply, and Market
CHAPTER 3 Marginal Analysis for Optimal Decisions 
CHAPTER 4 Basic Estimation Techniques 
CHAPTER 5 Theory of Consumer Behavior
Online Appendix 1: Substitution and Income Effects of a Price Change
CHAPTER 6 Elasticity and Demand 
CHAPTER 7 Demand Estimation and Forecasting
Online Appendix 2: Estimating and Forecasting Industry Demand for Price-Taking Firms
CHAPTER 8 Production and Cost in the Short Run 
CHAPTER 9 Production and Cost in the Long Run 
CHAPTER 10 Production and Cost Estimation
Online Appendix 3: Linear Programming
CHAPTER 11 Managerial Decisions in Competitive Markets
CHAPTER 12 Managerial Decisions for Firms with Market Power 
CHAPTER 13 Strategic Decision Making in Oligopoly Markets 
CHAPTER 14 Advanced Pricing Techniques 
Online Appendix 4: Pricing Multiple Products Related in Production
CHAPTER 15 Decisions Under Risk and Uncertainty 
CHAPTER 16 Government Regulation of Business 


APPENDIX: Statistical Tables
</subfield>
  </datafield>
  <datafield tag="650" ind1=" " ind2=" ">
    <subfield code="a">Marginal analysis optimal decisions</subfield>
    <subfield code="9">208605</subfield>
  </datafield>
  <datafield tag="650" ind1=" " ind2=" ">
    <subfield code="a">Basic estimation techniques</subfield>
    <subfield code="9">208606</subfield>
  </datafield>
  <datafield tag="650" ind1=" " ind2=" ">
    <subfield code="a">Production and cost in the short run</subfield>
    <subfield code="9">208607</subfield>
  </datafield>
  <datafield tag="700" ind1=" " ind2=" ">
    <subfield code="a">Maurice, S Charles.</subfield>
    <subfield code="9">208608</subfield>
  </datafield>
  <datafield tag="942" ind1=" " ind2=" ">
    <subfield code="2">ddc</subfield>
    <subfield code="c">BK</subfield>
    <subfield code="e">12th</subfield>
    <subfield code="k">658.001 THOC</subfield>
  </datafield>
  <datafield tag="999" ind1=" " ind2=" ">
    <subfield code="c">234198</subfield>
    <subfield code="d">234198</subfield>
  </datafield>
  <datafield tag="952" ind1=" " ind2=" ">
    <subfield code="0">0</subfield>
    <subfield code="1">0</subfield>
    <subfield code="2">ddc</subfield>
    <subfield code="4">0</subfield>
    <subfield code="7">0</subfield>
    <subfield code="8">MBA</subfield>
    <subfield code="a">AIMIT</subfield>
    <subfield code="b">AIMIT</subfield>
    <subfield code="c">ECO</subfield>
    <subfield code="d">2025-03-11</subfield>
    <subfield code="e">Biblios Book Point</subfield>
    <subfield code="g">1050.00</subfield>
    <subfield code="i">Bill no:7466; Bill dt:2025/3/11</subfield>
    <subfield code="l">0</subfield>
    <subfield code="o">658.001 THOC</subfield>
    <subfield code="p">MBA14946</subfield>
    <subfield code="r">2025-07-21 00:00:00</subfield>
    <subfield code="v">819.00</subfield>
    <subfield code="w">2025-04-21</subfield>
    <subfield code="y">BK</subfield>
  </datafield>
  <datafield tag="952" ind1=" " ind2=" ">
    <subfield code="0">0</subfield>
    <subfield code="1">0</subfield>
    <subfield code="2">ddc</subfield>
    <subfield code="4">0</subfield>
    <subfield code="7">0</subfield>
    <subfield code="8">MBA</subfield>
    <subfield code="a">AIMIT</subfield>
    <subfield code="b">AIMIT</subfield>
    <subfield code="c">ECO</subfield>
    <subfield code="d">2025-03-11</subfield>
    <subfield code="e">Biblios Book Point</subfield>
    <subfield code="g">1050.00</subfield>
    <subfield code="i">Bill no:7466; Bill dt:2025/3/11</subfield>
    <subfield code="l">0</subfield>
    <subfield code="o">658.001 THOC</subfield>
    <subfield code="p">MBA14947</subfield>
    <subfield code="r">2025-07-21 00:00:00</subfield>
    <subfield code="v">819.00</subfield>
    <subfield code="w">2025-04-21</subfield>
    <subfield code="y">BK</subfield>
  </datafield>
</record>
